000 01139nam a2200265 a 4500
001 48021
003 BD-RjUL
005 20211209054437.0
008 160811s2004 mau b 001 0 eng
020 _a0674012895 (cloth)
020 _a0674013476 (pbk.)
035 _a(BD-RjUL)48140
040 _aDLC
_cDLC
_dBD-RjUL
_beng
041 1 _aeng
_hfre
082 0 0 _a320.58
_223
_bLAP 2004
100 1 _aLatour, Bruno
_9145628
245 1 0 _aPolitics of nature :
_bhow to bring the sciences into democracy /
_cBruno Latour ; translated by Catherine Porter.
260 _aCambridge, Mass. :
_bHarvard University Press,
_c2004
300 _ax, 307 p. ;
_c24 cm.
504 _aIncludes bibliographical references (p. 287-299) and index.
505 0 0 _tIntroduction: What Is to Be Done with Political Ecology? --
_tWhy Political Ecology Has to Let Go of Nature --
_tHow to Bring the Collective Together --
_tA New Separation of Powers --
_tSkills for the Collective --
_tExploring Common Worlds --
_tConclusion: What Is to Be Done? Political Ecology!
650 0 _aPolitical ecology.
_9145629
942 _2ddc
_cBK
999 _c48021
_d48021